हँसते- महकते फूल / (Record no. 170771)
[ view plain ]
| 000 -LEADER | |
|---|---|
| fixed length control field | 00939nam a22002057a 4500 |
| 005 - DATE AND TIME OF LATEST TRANSACTION | |
| control field | 20191224162724.0 |
| 010 ## - LCCN (DPL NO) | |
| LC control number | B-731493 |
| 020 ## - INTERNATIONAL STANDARD BOOK NUMBER | |
| Terms of availability | 300.00 |
| International Standard Book Number | 8189364138 |
| 035 ## - SYSTEM CONTROL NUMBER | |
| System control number | B-731493 |
| 037 ## - SOURCE OF ACQUISITION | |
| Source of stock number/acquisition | डी.बी.ए.डी./ उपहार |
| 082 ## - DEWEY DECIMAL CLASSIFICATION NUMBER | |
| Classification number | 821 |
| 100 ## - MAIN ENTRY--PERSONAL NAME | |
| Personal name | कालरा, शकुन्तला |
| 245 ## - TITLE STATEMENT | |
| Title | हँसते- महकते फूल / |
| Statement of responsibility, etc | शकुन्तला कालरा |
| 260 ## - PUBLICATION, DISTRIBUTION, ETC. (IMPRINT) | |
| Place of publication, distribution, etc | दिल्ली |
| Name of publisher, distributor, etc | चेतना प्रकाशन |
| Date of publication, distribution, etc | 2017 |
| 270 ## - ADDRESS | |
| Address | 1376, आत्माराम बिल्ड़ंग, कश्मीरी गेट |
| City | दिल्ली |
| Postal code | 110006 |
| 300 ## - PHYSICAL DESCRIPTION | |
| Extent | 100पृ.: |
| Dimensions | 24सेमी (सजिल्द) |
| Other physical details | सचित्र |
| 700 ## - ADDED ENTRY--PERSONAL NAME | |
| Personal name | |
| 9 (RLIN) | 19350 |
| 942 ## - ADDED ENTRY ELEMENTS (KOHA) | |
| Source of classification or shelving scheme | Dewey Decimal Classification |
| Item type | Children Books |
| Classification part | 821 |
| Call number suffix | कालरा |
| Withdrawn status | Lost status | Not for loan | Collection code | Home library | Current library | Date acquired | Source of acquisition | Cost, normal purchase price | Full call number | Barcode | Copy number | Cost, replacement price | Koha item type | Public note |
|---|---|---|---|---|---|---|---|---|---|---|---|---|---|---|
| Non-fiction | Bawana | Bawana | 24/12/2019 | उपहार/17.12.2019 | 300.00 | 821 कालरा | B-731493 | 1 | 300.00 | Children Books | उपहार |
